000
00212nam a22000857a 4500
008
170228b xxu||||| |||| 00| 0 eng d
100
_9
2947
_a
Bhattacharjee.T.
245
_a
Geography-VII
260
_a
New Delhi
_b
APC
_c
2009
999
_c
6190
_d
6190